000 01102nam a22003611c 4500
001 ht015416241
008 100608s2007 gw a||| 000u ger d
020 _a9783525569
_9978-3-525-569
041 _ager
100 1 _aTriendl-Zadoff, Mirjam
245 0 0 _aNächstes Jahr in Marienbad :
_bGegenwelten jüdischer Kulturen der Moderne
264 _aGöttingen :
_bVandenhoeck & Ruprecht,
_c2007
300 _a245 S. : Ill
336 _aText
_btxt
_2rdacontent
337 _aComputermedien
_bc
_2rdamedia
338 _aOnline-Ressource
_bcr
_2rdacarrier
500 _afrei im Netz zugänglich
502 _aZugl.: München, Univ., Diss., 2007
650 0 _aTourismus
650 0 _aAlltag
650 0 _aGesellschaft
650 0 _aBürgertum
650 0 _aMedizin
650 0 _aZionismus
650 0 _aJuden
650 0 _aAntisemitismus
655 0 _aHochschulschrift
856 4 _uhttp://nbn-resolving.de/urn/resolver.pl?urn=urn:nbn:de:bvb:12-bsb00083740-6
942 _cEB
040 _cRU-10907106
003 RU-10907106
999 _c37629
_d37629
490 0 _aJüdische Religion, Geschichte und Kultur
_v6